Stendhal : notes on a novelist.

Bibliographic Details
Main Author: Adams, Robert M. (Robert Martin), 1915-1996
Format: Book
Language:English
Published: New York : Noonday Press, [1959]
Subjects:

MARC

Tag First Indicator Second Indicator Subfields
LEADER 00000cam a2200000 4500
001 in00000022327
005 20151007063940.0
008 720626s1959 nyu 00000 eng u
010 |a  59009455  
035 |a (OCoLC)00341778 
035 |9 AAD8678AM 
040 |c WSU  |d TXA  |d UtOrBLW 
049 |a TXAM  |c [310785] 
050 0 |a PQ2441  |b .A3 
092 |a 843  |b B573Ya 
100 1 |a Adams, Robert M.  |q (Robert Martin),  |d 1915-1996. 
245 1 0 |a Stendhal :  |b notes on a novelist. 
264 1 |a New York :  |b Noonday Press,  |c [1959] 
300 |a 228 pages ;  |c 21 cm. 
336 |a text  |b txt  |2 rdacontent 
337 |a unmediated  |b n  |2 rdamedia 
338 |a volume  |b nc  |2 rdacarrier 
600 1 0 |a Stendhal,  |d 1783-1842. 
999 |a MARS 
999 f f |s 60422e75-b35b-3781-8125-e2231ee9c6fc  |i 7ea350b0-2120-3bf4-bd0a-426fb9c728c8  |t 0 
952 f f |p normal  |a Texas A&M University  |b College Station  |c Sterling C. Evans Library  |d Evans: Library Stacks  |t 0  |e PQ2441 .A3  |h Library of Congress classification  |i unmediated -- volume  |m A14801367606 
998 f f |a PQ2441 .A3  |t 0  |l Evans: Library Stacks